Online
Catalog

Todo lugar y tiempo : (Record no. 26921)

MARC details
000 -CABECERA
campo de control de longitud fija 00747nam a2200217 a 4500
001 - NÚMERO DE CONTROL
campo de control 000027429
005 - FECHA Y HORA DE LA ÚLTIMA TRANSACCIÓN
campo de control 20260114124842.0
008 - DATOS DE LONGITUD FIJA--INFORMACIÓN GENERAL
campo de control de longitud fija 110331s1986 dr a 001 0 spa d
040 ## - FUENTE DE LA CATALOGACIÓN
Centro catalogador/agencia de origen DO-SdBNP
Lengua de catalogación spa
Centro/agencia transcriptor BNPHU
082 ## - NÚMERO DE LA CLASIFICACIÓN DECIMAL DEWEY
Número de clasificación 242.7
Número de documento/Ítem F817t
100 1# - ENTRADA PRINCIPAL--NOMBRE DE PERSONA
Nombre de persona Francia, Alfonso
9 (RLIN) 54498
245 10 - MENCIÓN DE TÍTULO
Título Todo lugar y tiempo :
Resto del título oraciones desde la vida /
Mención de responsabilidad, etc. Alfonso Francia.
260 ## - PUBLICACIÓN, DISTRIBUCIÓN, ETC.
Lugar de publicación, distribución, etc. Santo Domingo :
Nombre del editor, distribuidor, etc. Saturno,
Fecha de publicación, distribución, etc. 1986.
300 ## - DESCRIPCIÓN FÍSICA
Extensión 114 p. :
Otras características físicas il. ;
Dimensiones 21 cm.
505 0# - NOTA DE CONTENIDO CON FORMATO
Título Desde lo profundo de mi ser --
-- Desde las cosas --
-- Desde la noticia --
-- Desde la iglesia.
590 ## - NOTA LOCAL (RLIN)
Nota local Inventariado, 2018/BT
650 #4 - PUNTO DE ACCESO ADICIONAL DE MATERIA--TÉRMINO DE MATERIA
Término de materia o nombre geográfico como elemento de entrada Ejercicios espirituales
9 (RLIN) 8168
650 #0 - PUNTO DE ACCESO ADICIONAL DE MATERIA--TÉRMINO DE MATERIA
Término de materia o nombre geográfico como elemento de entrada Meditaciones
9 (RLIN) 5988
650 #4 - PUNTO DE ACCESO ADICIONAL DE MATERIA--TÉRMINO DE MATERIA
Término de materia o nombre geográfico como elemento de entrada Oraciones
9 (RLIN) 54499
910 ## - DATOS DE OPCIÓN DEL USUARIO (OCLC)
Datos de opción del usuario Validado. Control de calidad. EMS
Holdings
Estado de retiro Estado de pérdida No para préstamo Código de colección Localización permanente Ubicación/localización actual Ubicación en estantería Fecha de adquisición Número de inventario Total de préstamos Signatura topográfica completa Código de barras Fecha visto por última vez Precio válido a partir de Tipo de ítem Koha
    Excluido de préstamo Patrimonio Dominicano Patrimonio Dominicano Patrimonio Dominicano Depósito 31.03.2011 LF1   242.7 F817t 27429-10 25.06.2020 25.06.2020 Libro y Folleto Colección Patrimonio Dominicano

Powered by Koha